| 000 | 00623nam a2200181Ia 4500 | ||
|---|---|---|---|
| 008 | 240729s9999 xx 000 0 und d | ||
| 022 | _a2586-9876 | ||
| 245 | 0 | _aPrajna Vihara | |
| 260 | _aThailand | ||
| 260 | _bGuna Chakra Research Center | ||
| 650 | _a Philosophy (General) | Philosophy. Psychology. Religion | ||
| 650 | _a Philosophy of religion. Psychology of religion. Religion in relation to other subjects | ||
| 650 | _a Religions. Mythology. Rationalism | ||
| 650 | _aPhilosophy. Psychology. Religion | ||
| 856 | _uhttps://doaj.org/toc/9ef7b1002b204dbba69c8040a06a95c5 | ||
| 942 | _2ddc | ||
| 942 | _cDOAJEJ | ||
| 999 |
_c70508 _d70508 |
||
| 945 |
_a1 _bMadushi Gamage _c1 _dMadushi Gamage |
||